| 000 | 00785cam a2200265 a 4500 | ||
|---|---|---|---|
| 999 |
_c31391 _d31388 |
||
| 001 | 15270852 | ||
| 003 | OSt | ||
| 005 | 20190207113921.0 | ||
| 008 | 080422s2007 ke ab b 000 0 eng | ||
| 010 | _a 2008349347 | ||
| 020 | _a9789290592181 | ||
| 020 | _a9290592184 | ||
| 040 |
_aMMU _cMMU _dMMU _beng |
||
| 042 | _alcode | ||
| 043 | _af-ke--- | ||
| 050 | 0 | 0 |
_aSB357 _b.G85 2007 |
| 100 | 1 | _aGriesbach, Jürgen. | |
| 245 | 1 | 0 |
_aGrowing temperate fruit trees in Kenya / _cJürgen Griesbach. |
| 260 |
_aNairobi : _bWorld Agroforestry Centre, _cc2007. |
||
| 300 |
_avi, 128 p. : _bill. (chiefly col.), col. map ; _c25 cm. |
||
| 504 | _aIncludes bibliographical references (p. 98). | ||
| 650 | 0 |
_aFruit-culture _zKenya. |
|
| 650 | 0 |
_aFruit trees _zKenya. |
|
| 942 |
_2lcc _cLOAN LOAN |
||